| 000 | 00327nam a2200121Ia 4500 | ||
|---|---|---|---|
| 008 | 140316s9999 xx 000 0 und d | ||
| 082 |
_aGOVT/INDIA _b |
||
| 100 | _aGovt od India | ||
| 245 | _aAnimal Discoveries 2007: New Species and new records | ||
| 260 |
_aNew Delhi _bGovt of India _c2008 |
||
| 300 | _a48 | ||
| 942 |
_2ddc _cREF |
||
| 999 |
_c23675 _d23675 |
||